01003nam a22002777a 450000100060000000300080000600500170001400800410003103500190007204000270009104100080011808200320012610000330015824501070019126000500029830000260034850000200037460000430039465000230043765000190046083000230047983000580050294200120056099900170057295201360058932693BD-RjUL20211209051900.0140428s1940 pk a 001 0 eng  a(BD-RjUL)32783 aDLCcDLCbengdBD-RjUL aeng04220a297.211 bFAM 19401 aFaruqi, Burhan Ahmad.99943810aThe Mujaddid's conception of tawhid /cby Burhan Ahmad Faruqi ; with a foreword by Syed Zafarul Hasan. aLahore (India) :bSh. Muhammad Ashraf,c1940. axii, 192 p. ;c20 cm. aIncludes index.00aAḥmad Sirhindī,d1563-1624.999445 0aGod (Islam)999440 0aSufism.999441 0vitem 07146.999446 0aSAMP early 20th-century Indian books project ;999447 2ddccBK c32693d32693 00102ddc4071aRUCLbRUCLcReadingd1963-01-18eG. M. Hilloig0.00l0o297.211 FAM 1940r2014-04-28 00:00:00tC-1w2014-04-28yBK